书目信息 |
| 题名: |
对等网络:结构、应用与设计
|
|
| 作者: | 陈贵海 , 李振华 著 | |
| 分册: | ||
| 出版信息: | 北京 清华大学出版社 2007.09 |
|
| 页数: | 337页 | |
| 开本: | 24cm | |
| 丛书名: | 中国计算机学会学术著作丛书 | |
| 单 册: | ||
| 中图分类: | TP393.02 | |
| 科图分类: | ||
| 主题词: | 计算机网络--网络设计 | |
| 电子资源: | ||
| ISBN: | 978-7-302-15892-9 | |
| 000 | 00746nam0 2200229 450 | |
| 001 | 0856789244 | |
| 005 | 20081223090627.99 | |
| 010 | @a978-7-302-15892-9@dCNY36.00 | |
| 100 | @a20081222d2007 km y0chiy0120 ea | |
| 101 | 0 | @achi |
| 102 | @aCN@b110000 | |
| 200 | 1 | @a对等网络:结构、应用与设计@Adui deng wang luo:jie gou、ying yong yu she ji@f陈贵海,李振华著@Fchen gui hai,li zhen hua zhu |
| 210 | @a北京@c清华大学出版社@d2007.09 | |
| 215 | @a337页@d24cm | |
| 225 | 2 | @a中国计算机学会学术著作丛书 |
| 410 | 0 | @12001 @a中国计算机学会学术著作丛书 |
| 606 | 0 | @a计算机网络@x网络设计 |
| 690 | @aTP393.02@v4 | |
| 701 | 0 | @a陈贵海@Achen gui hai@4著 |
| 701 | 0 | @a李振华@Ali zhen hua@4著 |
| 801 | 0 | @aCN@bNISOFT@c20081223 |
| 905 | @aBZT@dTP393.02@e1@f5 | |
| 对等网络:结构、应用与设计/陈贵海,李振华著.-北京:清华大学出版社,2007.09 |
| 337页;24cm.-(中国计算机学会学术著作丛书) |
| ISBN 978-7-302-15892-9:CNY36.00 |
| ● |
| 相关链接 |
|
|
|
正题名:对等网络:结构、应用与设计
索取号:TP393.02/1
 
预约/预借
| 序号 | 登录号 | 条形码 | 馆藏地/架位号 | 状态 | 备注 |
| 1 | 0693207 | 2000693207 | 样本书库/样008架A面5层1列/ [索取号:TP393.02/1] | 在馆 | |
| 2 | 0693208 | 2000693208 | 中心书库中库/ 中库026架B面7列5层1/ [索取号:TP393.02/1] | 在馆 | |
| 3 | 0693209 | 2000693209 | 中心书库中库/ 中库026架B面7列5层2/ [索取号:TP393.02/1] | 在馆 | |
| 4 | 0693210 | 2000693210 | 中心书库中库/ 中库026架B面7列5层4/ [索取号:TP393.02/1] | 在馆 | |
| 5 | 0693211 | 2000693211 | 中心书库中库/ 中库026架B面7列5层3/ [索取号:TP393.02/1] | 在馆 |